An inquiry into the structure and animal oeconomy of the horse. : Comprehending the diseases to which his limbs and feet are subject, with proper directions for shoeing, and pointing out a method for ascertaining his age until his twelfth year. Yo which is added, an attempt to explain the laws of his progressive motion, on mechanical and anatomical principles. The whole illustrated by eighteen copper plates /

Niall Kenny description: No half-title is called for in the 1st edition. The text leaves for the plates are letterpress (only printed on one side to face the plate). A second issue also exists (NLS copy) with an additional leaf of subscribers entitled "The following names have been received sin...

Full description

Bibliographic Details
Main Author: Lawrence, Richard, active 1801-1816
Other Authors: Houghton, Matthew (Engraver)
Format: Book
Language:English
Subjects:

MARC

Tag First Indicator Second Indicator Subfields
LEADER 00000cam a2200000 a 4500
001 in00004516213
005 20200501140658.0
008 120802s1801 enkaf 001 0 eng
016 7 |a 101084530  |2 DNLM 
019 |a 17996026  |a 79031666  |a 230990170 
035 |a (OCoLC)ocm48629807 
035 |a (OCoLC)48629807  |z (OCoLC)17996026  |z (OCoLC)79031666  |z (OCoLC)230990170 
040 |a NLM  |b eng  |c NLM  |d CUY  |d PHA  |d HUV  |d AGL  |d OCLCO  |d OCLCA  |d OCLCF  |d OCLCQ  |d OCLCO  |d UtOrBLW 
042 |a pcc 
049 |a TMVM 
050 4 |a SF955  |b .L32 
060 0 0 |a SF  |b L422i 1801 
060 4 |a SF 951  |b L419i 1801 
100 1 |a Lawrence, Richard,  |d active 1801-1816. 
245 1 3 |a An inquiry into the structure and animal oeconomy of the horse. :  |b Comprehending the diseases to which his limbs and feet are subject, with proper directions for shoeing, and pointing out a method for ascertaining his age until his twelfth year. Yo which is added, an attempt to explain the laws of his progressive motion, on mechanical and anatomical principles. The whole illustrated by eighteen copper plates /  |c by Richard Lawrence, veterinary surgeon, Birmingham. 
246 3 8 |a Lawrence on the horse 
264 3 |a Birmingham :  |b printed for the author, at T.A. Pearson's printing-office, High-street :  |b And sold by Knott & Lloyd, Birmingham, J. Wallis, Pater-noster Row, and G. Nicol, Pall Mall, London,  |c MDCCCI. [1801] 
300 |a xxiv pages, 2 unnumbered pages, 212 pages, 30 unnumbered pages, 3 unnumbered leaves of plates, 15 leaves of plates (5 folded) :  |b illustrations ;  |c 27 cm 
336 |a text  |b txt  |2 rdacontent 
337 |a unmediated  |b n  |2 rdamedia 
338 |a volume  |b nc  |2 rdacarrier 
500 |a "Birmingham, printed for Knott and Lloyd, and T.A. Pearson's office ..."--Colophon. 
500 |a Signatures: A⁴ a-b⁴ B-2E⁴ (-2E3,4) chi¹⁵ 
500 |a Engraved plates delineated by Lawrence, engraved by Matthew Houghton, interleaved with descriptive text. 
500 |a "Published as the Act Directs March 1801" at base of the 3 unnumbered plates, plates 1-2, 5, 8-10, 12-15. 
500 |a "Drawn by Rich.d Lawrence ... Engrav'd by Matthew Houghton, 1798" - plate 8. 
500 |a List of subscribers, p. [xxi]-[xxv]. 
500 |a Includes index. 
520 |a Niall Kenny description: No half-title is called for in the 1st edition. The text leaves for the plates are letterpress (only printed on one side to face the plate). A second issue also exists (NLS copy) with an additional leaf of subscribers entitled "The following names have been received since the foregoing list was printed" placed after the original subscriber list. Printer's imprint: "Birmingham, Printed for Knott and Lloyd, at T.A. Pearson's Office, High-Street." 
561 |3 Copy 1  |a Niall Kenny (sold to TMV).  |5 TMV 
561 |3 Copy 2  |a John Clewlow (sold to TMV).  |5 TMV 
563 |3 Copy 1  |a Original gilt-tooled calf; red morocco spine label.  |5 TMV 
563 |3 Copy 2  |a Contemporary full calf binding.  |5 TMV 
510 4 |a Dingley, P. Historic books on veterinary science,  |c 390 
510 4 |a Royal Coll. of Vet. Surg. Cat. of the hist. coll.,  |c p. 19 
510 4 |a Smith, F. Early hist. of vet. lit.,  |c III, p. 107 
520 |a Niall Kenny description: No half-title is called for in the 1st edition. The text leaves for the plates are letterpress (only printed on one side to face the plate). The copy in NLS seems to have odd imprint (just R. Lawrence) NEED TO CHECK. Printer's imprint: "Birmingham, Printed for Knott and Lloyd, at T.A. Pearson's Office, High-Street." 
561 |a Niall Kenny (sold to TMV); Thomas Botfield (bookplate on front paste-down).  |5 TMV 
650 0 |a Horses. 
650 0 |a Horses  |x Diseases  |x Treatment. 
650 0 |a Veterinary medicine. 
650 0 |a Horseshoeing. 
650 0 |a Horses  |x Anatomy. 
650 2 |a Horses  |x anatomy & histology. 
650 2 |a Horse Diseases. 
650 2 |a Hoof and Claw. 
650 2 |a Veterinary Medicine. 
650 7 |a Horses.  |2 fast  |0 (OCoLC)fst00960603 
650 7 |a Horses  |x Anatomy.  |2 fast  |0 (OCoLC)fst00960607 
650 7 |a Horses  |x Diseases  |x Treatment.  |2 fast  |0 (OCoLC)fst00960632 
650 7 |a Horseshoeing.  |2 fast  |0 (OCoLC)fst00960729 
650 7 |a Veterinary medicine.  |2 fast  |0 (OCoLC)fst01165977 
655 7 |a Subscription lists (Publishing)  |z Great Britain  |y 19th century.  |2 rbpub 
700 1 |a Houghton, Matthew,  |e engraver. 
999 f f |s 6aa209f4-3edf-3d01-8019-03931f7b88e0  |i b48a500d-2017-3b01-bb60-afda57cc7bc3  |t 0 
952 f f |p noncirc  |a Texas A&M University  |b College Station  |c Medical Sciences Library  |d MSL: Special Collections  |t 0  |e SF 951 L419i 1801  |h National Library of Medicine classification  |i unmediated -- volume  |m 3238902293468 
952 f f |p noncirc  |a Texas A&M University  |b College Station  |c Medical Sciences Library  |d MSL: Special Collections  |t 0  |e SF 951 L419i 1801  |h National Library of Medicine classification  |i unmediated -- volume  |m 323890258680B 
998 f f |a SF 951 L419i 1801  |t 0  |l MSL: Special Collections 
998 f f |a SF 951 L419i 1801  |t 0  |l MSL: Special Collections